| 000 | 01479nam a22003737a 4500 | ||
|---|---|---|---|
| 001 | 40 | ||
| 003 | FISKH | ||
| 005 | 20231211145224.0 | ||
| 008 | 230224b cb ||||| |||| 00| 0 eng d | ||
| 020 | _a0763628131 (alk. paper) | ||
| 040 |
_aDLC _cDLC _dDLC _dFISKH _beng |
||
| 042 | _alcac | ||
| 050 | 0 | 0 |
_aPZ7 _b.C4383 Cku 2005 |
| 082 | 0 | 0 | _a823.914 |
| 100 | 1 | _aChild, Lauren. | |
| 245 | 1 | 0 |
_aClarice Bean spells trouble / _cLauren Child. |
| 260 |
_aLondon _bOrchard Books _c2004 |
||
| 300 |
_a189 p. : _bill. ; _c18 cm. |
||
| 500 | _aFirst published in Great Britain in 2004 by Orchard Books, London. | ||
| 520 | _aClarice Bean, aspiring actress and author, unsuccessfully tries to avoid getting into trouble as she attempts to help a friend in need by following the rules of the fictional spy, Ruby Redfort. | ||
| 521 |
_a1040 _bLexile |
||
| 521 |
_a X _b Raz-Plus |
||
| 650 | 1 |
_aConduct of life _vFiction. |
|
| 650 | 1 |
_aFriendship _vFiction. |
|
| 650 | 1 |
_aAuthorship _vFiction. |
|
| 650 | 1 |
_aSchools _vFiction. |
|
| 650 | 1 |
_aFamily life _vFiction. |
|
| 650 | 1 | _aHumorous stories. | |
| 856 | 4 | 2 |
_3Contributor biographical information _uhttp://www.loc.gov/catdir/enhancements/fy0664/2005045787-b.html |
| 856 | 4 | 2 |
_3Publisher description _uhttp://www.loc.gov/catdir/enhancements/fy0664/2005045787-d.html |
| 856 | 4 | 1 |
_3Sample text _uhttp://www.loc.gov/catdir/enhancements/fy0664/2005045787-s.html |
| 906 |
_a7 _bcbc _corignew _d1 _eocip _f20 _gy-gencatlg |
||
| 942 |
_2ddc _cBK _n0 |
||
| 999 |
_c40 _d40 |
||